000 01364nam a2200337 c 4500
003 BLK
005 20180420235639.0
008 180411b bul|||||r ||||||| ||bul||
010 _aKNG00184348000
020 _a978-619-90339-2-0
_bиздат.: Фън тези
040 _aBLK
041 _aBUL
_cBUL
072 7 _2bullib
_aН84
_xБългарска художествена литература Н
080 _aБългарска литература
_b821.163.2
_x-4
_z821.163.2-4
100 1 _aИванов, Пламен Ангелов
_eпърви автор
_9340293
139 _aИванов, Пламен Ангелов
_bИ 21
245 1 0 _aТретият Рим и Третата световна
_bХроника на една предизвистена война
_cПламен Ангелов Иванов.
257 _aBGR
260 София
_bФън тези
_c2015
300 _a480 с.
_bс табл., к.
_c20 см
380 _a3
490 1 _aЦикъл Империята на Времето
_v3
500 _aПродълж. на кн. Империята на Времето. 1, 2.
653 _aесета
659 _aН
852 _aЦб 279368
856 4 _qpdf
_u
856 4 _qpdf
_u
942 _cKNG
_n0
_01
944 _aCR
_c23.11.2015
_lф /
_kВиолета_Тройчева
944 _aED
_c26.09.2017
_lф /
_kПенка_Димитрова
999 _c175754
_d175754